000 00435nam a2200181Ia 4500
001 18957
005 20260306171708.0
008 260306s9999||||xx |||||||||||||| ||und||
041 _aESP
082 _a658.562
_bV19
100 _aValderrey Sanz, Pablo
_eAUT
245 0 _aHerramientas para la calidad total
260 _c2012
300 _a294 páginas :
_c24 cm.
650 _aGEN
654 _aCAN
942 _cLIB
_dJUS
_fJUS
_2ddc
_n
999 _c18957
_d18957